South Park Last Names - Statistics

General Stats
  • This quiz has been taken 538 times
  • The average score is 13 of 20
Answer Stats
First Name Last Name % Correct
Eric Cartman
99%
Stan Marsh
97%
Token Black
87%
Kenny McCormick
85%
Butters Stotch
85%
Kyle Broflovski
79%
Wendy Testaburger
77%
Jesus Christ
75%
Tweek Tweak
75%
Saddam Hussein
69%
Jimmy Valmer
69%
Clyde Donovan
63%
Craig Tucker
58%
Bebe Stevens
54%
Mr. Herbert Garrison
49%
Tuong Lu Kim
48%
Timmy Burch
36%
"Mayor" McDaniels
35%
Ms. Diane Choksondik
21%
Dr. Alphonse Mephisto
20%
No matching quizzes found
Score Distribution
Percent of People with Each Score
Percentile by Number Answered
Your Score History
You have not taken this quiz